000 01726cam a2200445 i 4500
999 _c524533
_d524533
001 17495797
003 NUST
005 20190622082816.0
008 121016s2011 pk b 001 0 urdo
010 _a 2012430773
020 _a9789699454059
025 _aP-U-2012430773; 29
038 _aWaseem
040 _aDLC
_beng
_erda
_cDLC
042 _alcode
_apcc
043 _aa-pk---
050 0 0 _aDS384
_b.J26 2011
066 _c(3
_c(4
082 _a320.9547
_bJAF
100 1 _6880-01
_aJaʻfarī, ʻAqīl ʻAbbās.
_915340
245 1 0 _6880-02
_aPākistān ke siyāsī vaḍere /
_cʻAqīl ʻAbbās Jaʻfarī.
250 _6880-03
_aMukammal iz̤āfah aur naẓar-i s̲ānī shudah aiḍīshan.
264 1 _6880-04
_aKarācī :
_bVirs̲ah,
_c2011.
300 _a743 pages ;
_c25 cm
336 _atext
_2rdacontent
337 _aunmediated
_2rdamedia
338 _avolume
_2rdacarrier
504 _aIncludes bibliographical references and index.
520 _aOn the role of feudal families of Pakistan as king-makers in Pakistani politics; includes a historical study of such families.
546 _aIn Urdu.
651 0 _aPakistan
_xPolitics and government.
_9206
651 0 _aPakistan
_vGenealogy.
_915341
880 1 _6100-01/(3/r‏
_a‏جعفرى، عقيل عبّاس.
880 1 0 _6245-02/(4/r‏
_a‏پاکستان کے سياسى وڈيرے /‏
_c‏عقيل عبّاس جعفرى.
880 _6250-03/(3/r‏
_a‏مکمل اضافه اور نظر ثانى شده ايڈيشن.
880 1 _6264-04/(4/r‏
_a‏کراچى :‏
_b‏ورثه،‏
_c‏2011.
906 _a7
_bcbc
_corigode
_d3
_encip
_f20
_gy-nonroman
942 _2ddc
_cBK